[Event "LTU-chT"]
[Site "Vilnius"]
[Date "2000.??.??"]
[Round "2"]
[White "Butnorius, Algimantas"]
[Black "Jezepcikas, Rytis"]
[Result "1-0"]
[WhiteElo "2434"]
[BlackElo "2040"]
[PlyCount "53"]
[EventDate "2000.??.??"]
[EventType "team"]
[EventRounds "7"]
[EventCountry "LTU"]
[SourceTitle "EXT 2005"]
[Source "ChessBase"]
[SourceDate "2004.11.15"]
[SourceVersion "1"]
[SourceVersionDate "2004.11.15"]
[SourceQuality "1"]

1. d4 Nf6 2. Nf3 e6 3. c4 d5 4. Nc3 Be7 5. Bg5 0-0 6. e3 Nbd7 7. Qc2 c6 8. Rd1 h6 9. Bh4 Re8 10. Bd3 a6 11. 0-0 dxc4 12. Bxc4 b5 13. Be2 Qb6 14. e4 Bf8 15. e5 Nd5 16. Nxd5 cxd5 17. Rc1 Ra7 18. Rfd1 Nb8 19. g4 Be7 20. Bxe7 Raxe7 21. g5 hxg5 22. Nxg5 g6 23. Qd2 Kg7 24. Rc3 Rh8 25. Qf4 Nd7 26. Rdc1 Bb7 27. Rc7 1-0